| 000 | 00899pam a2200265 a 4500 | ||
|---|---|---|---|
| 999 |
_c128409 _d128409 |
||
| 001 | 2926916 | ||
| 003 | ARRUPE | ||
| 005 | 20181016153827.0 | ||
| 008 | 891006t19901989nyua 001 0 eng | ||
| 010 | _a 89028797 | ||
| 020 | _a031204142X | ||
| 040 |
_aDLC _cDLC _dDLC |
||
| 043 | _af-sa--- | ||
| 050 | 0 | 0 |
_aN7392 _b.W55 1990 |
| 082 | 0 | 0 |
_a704/.03968/009048 _220 |
| 100 | 1 |
_aWilliamson, Sue. _943010 |
|
| 245 | 1 | 0 |
_aResistance art in South Africa / _cSue Williamson. |
| 260 |
_aLondon : _bCatholic Institute for International Relations, _c1990, |
||
| 300 |
_a159 p. : _bill. (some col.) ; _c28 cm. |
||
| 650 | 0 |
_aDissident art _zSouth Africa. _943011 |
|
| 650 | 0 |
_aArt, Black _zSouth Africa. _943012 |
|
| 650 | 0 |
_aArt, South African _y20th century. _943013 |
|
| 906 |
_a7 _bcbc _corignew _d1 _eocip _f19 _gy-gencatlg |
||
| 942 |
_2lcc _cMONOGRAPH |
||